| 000 | 00413nam a2200145Ia 4500 | ||
|---|---|---|---|
| 008 | 231129s1990||||xx |||||||||||||| ||spa|| | ||
| 020 | _a958-04-0989-7 | ||
| 040 | _bspa | ||
| 082 | _a178.8 C641c | ||
| 100 | _aCliment L. Carlos E | ||
| 245 | 0 | _aCómo proteger a su hijo de la droga | |
| 260 | _c1990 | ||
| 264 | _aBogotá Colombia: Grupo Editorial Norma | ||
| 942 |
_2ddc _cBKS |
||
| 999 |
_c7657 _d7657 |
||